00735nam a2200217 a 4500008004100000020002000041040002500061041000800086044001100094080001000105100002600115245007600141260002500217300006700242500004100309504002700350650005000377700003500427700002600462700002900488001108s2000 m yxo aap r yy 0 slo c a8080630348cDar aSNKbslocSNKeAACR21 aslo axocSK a616.91 aBálint, Ondrej4aut10aInfektológia a antiinfekčná terapiacOndrej Bálint a kolektív aMartinbOsvetac2000 a483 s., [8] s. fareb. obr. príl.bfotogr., sch., tab.c24 cm aFotogr. Ondrej Bálint ... [et al.] aBibliogr. odkazy. Reg.07ainfektológiaxterapia antiinfekčná2SNK1 aHolečková, Katarína4pht1 aMichal, Ladislav4pht1 aRolný, Vladimír4pht